ARRUPE JESUIT UNIVERSITY

CORONAVIRUS -STOP THE SPREAD - CLEAN,DISINFECT,COVER

Palaver:interviews with five African Writers in Texas (Record no. 126215)

MARC details
000 -LEADER
fixed length control field nam a22 7a 4500
005 - DATE AND TIME OF LATEST TRANSACTION
control field 20170302102030.0
008 - FIXED-LENGTH DATA ELEMENTS--GENERAL INFORMATION
fixed length control field 170223b xxu||||| |||| 00| 0 eng d
050 ## - LIBRARY OF CONGRESS CALL NUMBER
Classification number PR9340.P154
100 ## - MAIN ENTRY--PERSONAL NAME
Personal name Achebe, Chinua et al.
9 (RLIN) 29032
245 ## - TITLE STATEMENT
Title Palaver:interviews with five African Writers in Texas
Statement of responsibility, etc by Achebe, Chinua and edited by Lindfords, Sernth et al
260 ## - PUBLICATION, DISTRIBUTION, ETC. (IMPRINT)
Place of publication, distribution, etc Texas
Name of publisher, distributor, etc African and Afro-American Research Institute
Date of publication, distribution, etc 1972
300 ## - PHYSICAL DESCRIPTION
Extent 64p.;
Dimensions 23cm.
650 ## - SUBJECT ADDED ENTRY--TOPICAL TERM
Topical term or geographic name as entry element African literature, English
General subdivision Criticism
9 (RLIN) 29033
700 ## - ADDED ENTRY--PERSONAL NAME
Personal name John Pepper Clark
9 (RLIN) 29034
700 ## - ADDED ENTRY--PERSONAL NAME
Personal name Dennis Brutus
9 (RLIN) 29035
700 ## - ADDED ENTRY--PERSONAL NAME
Personal name Ezekiel Mphalele
9 (RLIN) 29036
700 ## - ADDED ENTRY--PERSONAL NAME
Personal name Kofi Awoonor
9 (RLIN) 29037
700 ## - ADDED ENTRY--PERSONAL NAME
Personal name Ian Munro
Relator term ed.
9 (RLIN) 29038
700 ## - ADDED ENTRY--PERSONAL NAME
Personal name Richard Priebe
Relator term ed.
9 (RLIN) 29039
700 ## - ADDED ENTRY--PERSONAL NAME
Personal name Reinhard Sander
Relator term ed.
9 (RLIN) 29040
942 ## - ADDED ENTRY ELEMENTS (KOHA)
Source of classification or shelving scheme Library of Congress Classification
Item type Monograph ( Printed materials)
Holdings
Withdrawn status Lost status Source of classification or shelving scheme Damaged status Not for loan Collection code Home library Current library Shelving location Date acquired Total Checkouts Full call number Barcode Date last seen Price effective from Koha item type
    Library of Congress Classification     Main Collection ARRUPE LIBRARY ARRUPE LIBRARY Main Collection 23/02/2017   PR9340.P154 46500024470 23/02/2017 23/02/2017 Monograph ( Printed materials)

 

Arrupe Library. PO Box MP320 Mt Pleasant, Harare, Zimbabwe
263 242 745411|librarian@aju.ac.zw